000 00266nam a22000977a 4500
999 _c16193
_d16193
003 OSt
008 200619b ||||| |||| 00| 0 eng d
100 _aRoop Kishore Tandon, ‎Sheo Prasad Dhondyal
_94612
245 _aPrinciples & Methods of Farm Management
942 _cBK